| Tag |
First Indicator |
Second Indicator |
Subfields |
| LEADER |
00000cam a2200000 i 4500 |
| 001 |
in00004166621 |
| 005 |
20211120104824.0 |
| 006 |
m o d |
| 007 |
cr ||||||||||| |
| 008 |
200417s2007 mdu obs f000 0 eng c |
| 035 |
|
|
|a (OCoLC)on1151052083
|
| 042 |
|
|
|a pcc
|
| 043 |
|
|
|a f-lo---
|
| 040 |
|
|
|a GPO
|b eng
|e rda
|e pn
|c GPO
|d MvI
|
| 049 |
|
|
|a WWW
|
| 074 |
|
|
|a 0900-I-40 (online)
|
| 086 |
0 |
|
|a ID 1.34/6:32
|
| 100 |
1 |
|
|a Adair, Tim,
|e author.
|
| 245 |
1 |
0 |
|a Desire for children and unmet need for contraception among HIV-positive women in Lesotho /
|c Tim Adair.
|
| 264 |
|
1 |
|a Calverton, MD, USA :
|b Macro International Inc.,
|c 2007.
|
| 300 |
|
|
|a 1 online resource (21 pages).
|
| 336 |
|
|
|a text
|b txt
|2 rdacontent
|
| 337 |
|
|
|a computer
|b c
|2 rdamedia
|
| 338 |
|
|
|a online resource
|b cr
|2 rdacarrier
|
| 490 |
1 |
|
|a DHS working papers ;
|v no. 32
|
| 504 |
|
|
|a Includes bibliographical references (pages 19-21).
|
| 588 |
|
|
|a Description based on online resource, PDF version; title from title page (DHS website, viewed April 16, 2020).
|
| 650 |
|
0 |
|a HIV-positive women
|z Lesotho
|v Statistics.
|
| 650 |
|
0 |
|a Contraception
|z Lesotho
|v Statistics.
|
| 650 |
|
0 |
|a Birth control
|z Lesotho
|v Statistics.
|
| 776 |
0 |
8 |
|i Print version:
|a Adair, Tim.
|t Desire for children and unmet need for contraception among HIV-positive women in Lesotho
|w (DLC) 2010478287
|w (OCoLC)730905460
|
| 830 |
|
0 |
|a DHS working papers ;
|v no. 32.
|
| 856 |
4 |
0 |
|u https://purl.fdlp.gov/GPO/gpo135855
|t 0
|
| 999 |
f |
f |
|s 14e710b4-5e5e-387e-a5c9-1be92bcac76e
|i 43e9391d-c948-3d7d-a0cf-312b26c59799
|t 0
|
| 952 |
f |
f |
|a Texas A&M University
|b College Station
|c Electronic Resources
|d Available Online
|t 0
|e ID 1.34/6:32
|h Superintendent of Documents classification
|
| 998 |
f |
f |
|a ID 1.34/6:32
|t 0
|l Available Online
|